000 00729nam a22002297a 4500
003 UA-OsUOA
001 104250
007 ta
008 20131210b un ||||| |||| 00| 0 ukr d
100 _aКурицын А.
700 _aЦораев Т.
090 _a330
_bК93
942 _cSA
040 _aUA-OsUOA
_brus
_cUA-OsUOA
_dUA-OsUOA
245 _aРазвитие инновационного предпринимательства и венчурного бизнеса в мировой экономике
300 _aС.55-62
955 _a0
041 _arus
080 _a330
773 0 _w104248
_tМеждународная экономика
_dМ.
_d2013
_g10
650 7 _a330 Економіка взагалі
_2UDC
999 _c390686
_d390686